Frank Lloyd Wright
Guardat en:
| Autor principal: | |
|---|---|
| Format: | Llibre |
| Idioma: | anglès |
| Publicat: |
Colonia
Benedikt Taschen
1991
|
| Edició: | 1a. ed |
| Matèries: | |
| Etiquetes: |
Afegir etiqueta
Sense etiquetes, Sigues el primer a etiquetar aquest registre!
|
MARC
| LEADER | 00000cam a2200000 a 4500 | ||
|---|---|---|---|
| 001 | UCY1636 | ||
| 003 | CL-VaPUC | ||
| 008 | 940909e19910000GW |||||||||||||||||eng|d | ||
| 020 | |a 382289754X | ||
| 082 | 0 | 4 | |a 720.92 |b PFE |2 21 |
| 100 | 0 | |a Pfeiffer, Bruce Brooks |e author |9 329654 | |
| 245 | 1 | 0 | |a Frank Lloyd Wright |
| 250 | |a 1a. ed | ||
| 300 | |a 175 p | ||
| 942 | |c BK | ||
| 945 | |d 19940909 00:00:00 |a oaravena | ||
| 260 | |a Colonia |b Benedikt Taschen |c 1991 | ||
| 600 | 0 | 7 | |a WRIGHT, FRANK LLOYD |2 CL-VaPUC |9 266860 |
| 650 | 0 | |a Arquitectura moderna |9 265021 | |
| 650 | 0 | |a Arquitecura estadounidense |y Siglo 20 |9 329655 | |
| 651 | 0 | |a Estados Unidos |9 255178 | |
| 583 | |a last modification |c 20170705 09:43:45 |k Rodrigo Vera | ||
| 999 | |c 230285 |d 230283 | ||
| 952 | |0 0 |1 0 |4 0 |6 720_920000000000000_PFE_1991 |7 0 |8 A |9 232427 |a BIBARQ |b BIBARQ |d 2019-11-15 |i 3015572 |l 2 |o 720.92 PFE 1991 |p 3015572 |r 2025-01-20 |s 2023-12-07 |w 2019-11-15 |y BK |k ARQ | ||
| 952 | |0 0 |1 0 |3 erb |4 0 |6 720_920000000000000_PFE_1991 |7 0 |8 A |9 232428 |a BIBARQ |b BIBARQ |i 5406676 |l 4 |o 720.92 PFE 1991 |p 5406676 |r 2025-04-24 |s 2025-04-21 |w 2019-11-15 |y BK |z Catalogado en:20170709 |k ARQ | ||